| 000 | 00846nam a22002297a 4500 | ||
|---|---|---|---|
| 005 | 20160225110723.0 | ||
| 008 | 160225b sp||||| |||| 00| 0 spa d | ||
| 020 | _a9788496775381 | ||
| 050 | 0 | 4 |
_aSB469 .23 _bP35 2008 |
| 245 | 0 | 0 |
_aPaisaje y Territorio / _cdir. Javier Maderuelo ; tr. Maysi Veuthey |
| 250 | _a1a ed. | ||
| 260 |
_aHuesca : CDAN, Centro de Arte y Naturaleza, Fundación Beulas ; Madrid, España : _bAbada, _c 2008. |
||
| 300 |
_a350 p. : _bil. ; _c24 cm. |
||
| 490 | 0 |
_aPensar el paisaje ; Lecturas., Historia del arte y de la arquitectura., _vNo 3 |
|
| 650 | 4 |
_aArquitectura del paisaje _xCongresos. |
|
| 650 | 4 |
_aLa planificación regional _xCongresos. |
|
| 650 | 4 | _aNaturaleza (Estética) | |
| 650 | 4 |
_aPaisaje _xFilosofia |
|
| 700 | 1 |
_aVeuthey,Maysi, _etr. |
|
| 700 | 1 |
_aAnsón,Antonio, _ecolab. |
|
| 942 |
_2lcc _cLIB |
||
| 999 |
_c113802 _d113802 |
||